1860 1613 1169 1361 1105 1623 1750 1588 1676 1562 1131 1230 1362 1031 1290 1393 1607 1769 1833 1110 1002 1189 1069 1697 1081 1419 1749 1506 1874 1115 1503 1313 1513 1887 1212 1283 1732 1968 1249 1547 1924 1543 1615 1783 1586 1652 1405 1198 1048 1263 1082 1476 1019 1616 1107 1599 1127 1703 1190 1231 1383 1865 1848 1706 1148 1156 1517 1045 1076 1805 1823 1215 1545 1694 1404 1510 1808 1575 1438 1551 1250 1818 1340 1303 1525 1601 1512 1298 1734 1791 1917 1926 1677 1379 1782 1702 1638 1799 1383 BCNSPRNW ULIB Ver.6.0+V

เปลี่ยนเป็นภาษาไทย

Change to English
 แสดงรายละเอียดบรรณานุกรม
  กลับหน้าหลัก

Brief Record : Get Marc (ISO 2709) : E-mail record : QR code < ปิดหน้าต่าง
LEADER : 00000nam 2200000uu 4500
001    13399123872
003     ULIB
008    141212s2555||||th 000 0 tha d
020    ^a9786162791673
060  4 ^aWJ146^bก311
110 1  ^aมหาวิทยาลัยมหิดล.^bคณะแพทยศาสตร์โรงพยาบาลรามาธิบดี .^bโครงการตำรารามาธิบดี
245 00 ^aกลั้นปัสสาวะไม่อยู่ :^bปัญหาที่ไม่ควรละเลย /^cบรรณาธิการ วชิร คชการ
246 30 ^aคู่มือความรู้ภาคประชาชนเรื่องกลั้นปัสสาวะไม่อยู่ :^bปัญหาที่ไม่ควรละเลย
250    ^aพิมพ์ครั้งที่ 1
260    ^aกรุงเทพฯ :^bโครงการตำรารามาธิบดี คณะแพทยศาสตร์โรงพยาบาลรามาธิบดี มหาวิทยาลัยมหิดล,^c2555
300    ^a88 หน้า :^bภาพสีประกอบ
650  7 ^aปัสสาวะ
650  7 ^aกลั้นปัสสาวะไม่ได้, ภาวะการ ^xการดูแล
650  7 ^aUrine
700 0  ^aวชิร คชการ,^eบรรณาธิการ
945    ^p100^l0^i22448
945    ^p100^l0^i22449
945    ^p100^l0^i22450
999    ^aทศพร เกษรทอง
รายการนี้ยังไม่มีแท็ก
คุณยังไม่ได้ล็อกอิน คุณสามารถมีกิจกรรมร่วมกับเว็บไซต์ได้ แต่ต้องล็อกอินก่อน ::
  ล็อกอิน

รายการสื่อสารสนเทศ

ลำดับที่ ประเภท เลขเรียก/บาร์โค้ด สถานที่ สถานะ
1. วิทยาศาสตร์การแพทย์ และสุขภาพ
วิทยาศาสตร์การแพทย์ และสุขภาพ
สถานะ=หนังสือเก่า
WJ146 ก311 ฉ.1 
  Barcode: 22448
ห้องสมุดวิทยาเขตนครสวรรค์
►ส่วนจัดเก็บหนังสือเก่า นว.
บนชั้น
  ขอยืม
2. วิทยาศาสตร์การแพทย์ และสุขภาพ
วิทยาศาสตร์การแพทย์ และสุขภาพ
สถานะ=หนังสือเก่า
WJ146 ก311 ฉ.2 
  Barcode: 22449
ห้องสมุดวิทยาเขตนครสวรรค์
►ส่วนจัดเก็บหนังสือเก่า นว.
บนชั้น
  ขอยืม
3. วิทยาศาสตร์การแพทย์ และสุขภาพ
วิทยาศาสตร์การแพทย์ และสุขภาพ
สถานะ=หนังสือเก่า
WJ146 ก311 ฉ.3 
  Barcode: 22450
ห้องสมุดวิทยาเขตนครสวรรค์
►ส่วนจัดเก็บหนังสือเก่า นว.
บนชั้น
  ขอยืม

รายการใกล้เคียง
    หัวเรื่อง [ปัสสาวะ]
    หัวเรื่อง [Urine]

BibComment


ยังไม่เคยถูกคอมเมนท์

คอมเมนท์ทรัพยากรรายการนี้
  คอมเมนท์: กลั้นปัสสาวะไม่อ..


 Copyright 2026. Bcnsprnw @Library